00553nam a22001937a 450000500170000001000130001702000220003003500130005203700160006504000120008108200200009324500630011326000370017627000480021330000250026165000300028665000220031670000210033820170124110014.0 aA-257616 c00.00a8120800745 aA-257616 bCen Lib/Ret aDPLbEN a301.450954bSIN aThe tribal situation in India /cedited by K. Suresh Singh aDelhibMotilal Banarsidassc1972 aBungalow Road, Jawahar NagarbDelhie110007 axxiv,639p.c21cm(Hb) aScheduled tribes in India aSocial conditions aSingh, K. Suresh